El beso (Record no. 158103)

MARC details
000 -LEADER
campo de control de longitud fija 00649nam a22001815i 4500
001 - NÚMERO DE CONTROL
campo de control 158103
003 - IDENTIFICADOR DE NÚMERO DE CONTROL
campo de control ES-MaACL
005 - FECHA Y HORA DE LA ÚLTIMA TRANSACCIÓN
campo de control 20240511063039.0
008 - DATOS DE LONGITUD FIJA--INFORMACIÓN GENERAL
campo de control de longitud fija 040823s1886 sp |||| | spa d
040 ## - FUENTE DE CATALOGACIÓN
Centro catalogador/agencia de origen CAM
Lengua de catalogación spa
Centro/agencia transcriptor CAM
100 1# - ENTRADA PRINCIPAL--NOMBRE DE PERSONA
Nombre de persona Lorenzo d'Ayot, Manuel,
Fechas asociadas al nombre -1911
9 (RLIN) 125762
245 13 - MENCIÓN DEL TÍTULO
Título El beso
Resto del título : poema en prosa original /
Mención de responsabilidad, etc. de Manuel Lorenzo d'Ayot.
260 ## - PUBLICACIÓN, DISTRIBUCIÓN, ETC.
Lugar de publicación, distribución, etc. Madrid :
Nombre del editor, distribuidor, etc. [s.n.],
Fecha de publicación, distribución, etc. 1886 (
Fabricante Imprenta de G. Pedraza)
300 ## - DESCRIPCIÓN FÍSICA
Extensión 11 p. ;
Dimensiones 11 cm.
500 ## - NOTA GENERAL
Nota general En port. consta: No se vende.
852 ## - LOCALIZACIÓN
Ubicación ES-MaACL
Número de control de estantería T-478-F-1
Nota libre -- Enc. hol.
condición física -- Falto de la cub. original
Nota libre -- Enc. en un vol. facticio
Holdings
Estatus retirado Estado de pérdida Estado de daño No para préstamo Colección Biblioteca de origen Biblioteca actual Ubicación en estantería Fecha de adquisición Total de préstamos Signatura topográfica completa Código de barras Visto por última vez Precio de reemplazo Tipo de ítem Koha
        Colección de folletos Biblioteca del Ateneo de Madrid Biblioteca del Ateneo de Madrid Depósito folletos 17/01/2008   T-478-F-1 1165469 23/02/2023 23/02/2023 Folleto